| Tag |
First Indicator |
Second Indicator |
Subfields |
| LEADER |
00000cam a2200000 4500 |
| 001 |
in00000041976 |
| 005 |
20190207093403.0 |
| 008 |
750501s1886 txu 00000 eng u |
| 010 |
|
|
|a gs 05000321
|
| 035 |
|
|
|a (OCoLC)01308351
|
| 035 |
|
|
|9 AAE0749AM
|
| 040 |
|
|
|c IUA
|d TXA
|d UtOrBLW
|
| 049 |
|
|
|a TXAS
|c 1 [70241]
|c 2 [25281]
|
| 090 |
|
|
|a QE167
|b .A16 1886
|
| 092 |
|
|
|a 557
|b T355p, 1886
|
| 110 |
2 |
|
|a Geological and Agricultural Survey of Texas.
|
| 245 |
1 |
2 |
|a A partial report on the geology of western Texas :
|b consisting of a general geological report and a journal of geological observations along the routes traveled by the expedition between Indianola, Texas, and the valley of the Mimbres, New Mexico, during the years 1855 and 1856 /
|c with an appendix giving a detailed report on the geology of Grayson County. By Prof. Geo. G. Shumard, Assistant State Geologist of Texas.
|
| 264 |
|
1 |
|a Austin :
|b State Printing Office,
|c 1886.
|
| 300 |
|
|
|a vii, 1 unnumbered page, 145 pages :
|b illustrations, 3 plates (2 folded and color) ;
|c 25 cm.
|
| 336 |
|
|
|a text
|b txt
|2 rdacontent
|
| 337 |
|
|
|a unmediated
|b n
|2 rdamedia
|
| 338 |
|
|
|a volume
|b nc
|2 rdacarrier
|
| 500 |
|
|
|a The Cushing Library/Chapman Texas Collection copy is part of the Floyd & Louise Chapman Texas & Borderlands Collection.
|5 TXA
|
| 650 |
|
0 |
|a Geology
|z Texas.
|
| 700 |
1 |
|
|a Shumard, George Gettz.
|
| 999 |
|
|
|a MARS
|
| 999 |
f |
f |
|s 17078693-9d33-3907-aeff-309d0a5f606d
|i 6c4803d5-3e73-3a1d-ba7e-53711e12db66
|t 0
|
| 952 |
f |
f |
|p noncirc
|a Texas A&M University
|b College Station
|c Cushing Memorial Library & Archives
|d Cushing: Chapman Texas Collection (Does not check out)
|t 0
|e QE167 .A16 1886
|h Library of Congress classification
|i unmediated -- volume
|
| 998 |
f |
f |
|a QE167 .A16 1886
|t 0
|l Cushing: Chapman Texas Collection (Does not check out)
|